| 000 | 00513nam a2200205Ia 4500 | ||
|---|---|---|---|
| 008 | 210210b1990 xxu||||| |||| 00| 0 eng d | ||
| 020 | _a81 207 1127 0 | ||
| 082 | _a306.4 TAVS | ||
| 100 | _aTAVAKOL (M). | ||
| 245 | _aSociology of knowledge theoretical problems. | ||
| 260 |
_aNew Delhi. _bSterling Publishers Pvt Ltd., _c1990 |
||
| 300 | _avi,226 | ||
| 650 | _atheoretical | ||
| 650 | _aSociology | ||
| 650 | _aproblems. | ||
| 650 | _aof | ||
| 650 | _aknowledge | ||
| 690 | _aCulture | ||
| 906 | _a045987 | ||
| 999 |
_c95517 _d95517 |
||